000 00425nam a2200181Ia 4500
001 10153
005 20260306161811.0
008 260306t1966||||xx |||||||||||||| ||spa||
041 _aESP
082 _a901
_bR34
100 _aRedfield, Robert
_eAUT
245 0 _aEl mundo primitivo y sus transformaciones
260 _c1966
300 _a198 P.
_c17 cm.
650 _aGEN
654 _aCHU
942 _cLIB
_dJUS
_fJUS
_2ddc
_n
999 _c10153
_d10153